000 00432nam a2200169Ia 4500
008 240729s9999 xx 000 0 und d
022 _a1746-4811
245 0 _aPlant Methods
260 _aUnited Kingdom
260 _bBMC
650 _a Biology (General)
650 _a Plant culture | Science
650 _aAgriculture
856 _uhttps://doaj.org/toc/ee41b56c129e45c186994eeef08c8a91
942 _2ddc
942 _cDOAJEJ
999 _c74519
_d74519
945 _a1
_bMadushi Gamage
_c1
_dMadushi Gamage